|
|
|
|
| LEADER |
00926nab#a2200313#ar4500 |
| 001 |
000082012 |
| 003 |
SVKKK |
| 005 |
20061220091249.0 |
| 008 |
061220c2006 xo e slo |
| FMT |
|
|
|
| 038 |
|
|
|a SVKKK
|
| 040 |
|
|
|a SVKKK
|b slo
|e AACR2
|
| 041 |
0 |
|
|a slo
|
| 044 |
|
|
|a xo
|c SK
|
| 080 |
|
|
|a 349.6(437.6)
|2 1997
|
| 080 |
|
|
|a 504.064.4(437.6)
|2 1997
|
| 080 |
|
|
|a 628.4.042(437.6)
|2 1997
|
| 100 |
1 |
|
|a Slebodník, Ladislav
|4 aut
|
| 245 |
1 |
0 |
|a Prečo nevyužiť na spracovanie bioodpadov čistiarne odpadových vôd? :
|b niekoľko poznámok k problematike biologicky rozložiteľného odpadu na Slovensku
|c Ladislav Slebodník
|
| 300 |
|
|
|b Fotogr.
|
| 650 |
0 |
4 |
|a bioodpad
|
| 650 |
0 |
4 |
|a odpad biologický
|x spracovanie
|x legislatíva
|z Slovensko
|
| 773 |
0 |
|
|t XXI. storočie
|x 1335-874X
|g Roč. 9, č. 1 (2006), s. 62-63
|
| 958 |
|
|
|a SK
|
| 992 |
|
|
|a RBX
|
| BAS |
|
|
|
| 852 |
|
|
|a SVKKK
|b BIB
|
| EXP |
|
|
|
| 998 |
|
|
|a GEO
|